000 00818cad a22002055a 4500
001 L157109
008 120831s20120831xxk f 000 0 eng d
035 _a(Sirsi) u157109
041 0 _aeng
110 2 _aNationwide Building Society
_91019
245 0 0 _aNationwide house price index
_bAugust 2012
_h[electronic resource]
260 _c2012
490 0 _aNationwide House Price Index
_vAugust 2012
520 _aUnited Kingdom house prices increased by 1.3% in August 2012 and fell by 0.7% on a year on year basis. Housing market remains resilient despite weak economic conditions
590 _aKA
651 4 _aUnited Kingdom
_y
690 _aResidential property
_96266
856 4 0 _uhttps://www.nationwide.co.uk/hpi/historical/Aug_2012.pdf
_zView this item free of charge at www.nationwide.co.uk
942 _n0
999 _c114601
_d114601